Netherlands ... or Denmark? - Statistics

General Stats
  • This quiz has been taken 133 times
    110 since last reset
  • The average score is 13 of 15
Answer Stats
Question Answer % Correct
Was home to writer Hans Christian Andersen Denmark
100%
Borders Belgium Netherlands
100%
Has orange as their national colour Netherlands
100%
Used to be a part of the Spanish Empire Netherlands
100%
Is a monarchy Both
95%
Has more than 500 islands Denmark
95%
Is Lego from Denmark
95%
Is home to the Tivoli Gardens Denmark
95%
Has a bigger population Netherlands
95%
Uses the Euro as their currency Netherlands
90%
Has overseas territories Both
81%
Hosted the Summer Olympics Netherlands
81%
Has land below sea level Both
57%
Is bigger in size (excluding overseas territories) Denmark
57%
Is the most bicycle-friendly capital in the world Denmark
48%
No matching quizzes found
Score Distribution
Percent of People with Each Score
Percentile by Number Answered
Your Score History
You have not taken this quiz since the last reset